00787nam a2200253 a 4500001001300000003000900013005001700022008004100039020001000080082001600090100001900106245003500125260003800160300000900198500003500207505001300242650002900255700001900284902000800303942000700311952010700318952009500425999001300520nice12345678IN_TiNIC20260116011306.0050524s1938 laha grp 000 0 eng  ac10000a181.07bSAI aSaiyidain, K G aIqbal`s Educational Philosophy aLahorebArafat Publicationsc1938 a202p aincludes index and biblioraphy2 aAppendix aPhilosophy-Islamic-Iqbal1 aSaiyidain, K G bSRS cBK 00104070aHMIbHMId0000-00-00g100.00l1o181.07 SAIp1644r2017-12-08s2017-11-27w2026-01-16yEB 00104070aHMIbHMId0000-00-00g100.00l0o181.07 SAIp1646r0000-00-00w2026-01-16yEB c234d234